000 00412cam a2200169ua 4500
020 _c1.50
041 _amal
_h
082 _a613
_bRAV/AR
100 _aRavivarma, L A .
245 _aArogyamargangal /
_cL A Ravivarma.
_hTextual Documents
260 _aThiruvananthapuram :
_bUniversity of Kerala ,
_c1964.
300 _a157 ; .
365 _a1.50
504 _a
942 _cBK
999 _c4711
_d4711